00543nam a2200157 a 450000100100000000500170001000800410002704000250006808200190009310000240011224500850013626000380022130000270025950000700028650400290035600004471820201002045556.0150107s2014 dr a 000 0 spa d aDO-SdBNPbspacBNPHU axxxxxxbxxxxxx1 aPalamara, Battesimo13aLa Estafa Magnífica :bensayo defensa de la soberanía /cBattesimo Palamara. aSanto Domingo :bKarabú,c2014. a117 p :bil. ;c21 cm. aIncluye datos biográficos del autor en la solapa de la cubierta aBibliografías : p. 117